000 00327nam a2200133Ia 4500
008 100328s9999 xx 000 0 und d
082 _b49980
100 _aJoyce Graham
245 _aHouse Of Lost Dreams.
260 _bHeadline books
630 _aHouse Of Lost Dreams.
730 _aHouse Of Lost Dreams.
942 _cBOOK
999 _c537211
_d537208